000 00416nam a2200157Ia 4500
003 LK-CoDNM
008 010623t xxu||||| |||| 00| 1 eng d
040 _aLK-CoDNM
_dLK-CoDNM
_eLK-CoDNM
041 _aeng
080 _aX 398 .54 GOO
100 _aGoonatilleka,M.H.
245 _aThe Rural theatre and Social Satire of Sri Lanka
260 _bCeylon Tourist Board
_aColombo
300 _b13p,pl, 29 cm
942 _cBK
999 _c136510
_d136510